| Tag |
First Indicator |
Second Indicator |
Subfields |
| LEADER |
00000cam a2200000 a 4500 |
| 001 |
in00000637721 |
| 005 |
20151015053019.0 |
| 008 |
810306s1980 ge 00010 germ |
| 010 |
|
|
|a 80144550
|
| 015 |
|
|
|a GDR***
|
| 020 |
|
|
|c 4.50M
|
| 035 |
|
|
|a (OCoLC)07282297
|
| 035 |
|
|
|9 ACU3805AM
|
| 039 |
0 |
|
|a 2
|b 3
|c 3
|d 3
|e 3
|
| 040 |
|
|
|a DLC
|c DLC
|d m.c.
|d TXA
|d UtOrBLW
|
| 049 |
|
|
|a TXAM
|c [1653701]
|
| 050 |
0 |
0 |
|a PT2671.A34
|b T3
|
| 082 |
0 |
|
|a 832/.914
|2 19
|
| 100 |
1 |
|
|a Kahlau, Heinz.
|
| 245 |
1 |
0 |
|a Tasso und die Galoschen :
|b zwei Stucke /
|c Heinz Kahlau.
|
| 250 |
|
|
|a 1. Aufl.
|
| 264 |
|
1 |
|a Berlin :
|b Aufbau-Verlag,
|c 1980.
|
| 300 |
|
|
|a 121 pages ;
|c 20 cm.
|
| 336 |
|
|
|a text
|b txt
|2 rdacontent
|
| 337 |
|
|
|a unmediated
|b n
|2 rdamedia
|
| 338 |
|
|
|a volume
|b nc
|2 rdacarrier
|
| 490 |
0 |
|
|a Edition Neue Texte
|
| 505 |
0 |
|
|a Die Galoschenoper -- Torquato Tasso.
|
| 700 |
1 |
2 |
|a Kahlau, Heinz.
|t Torquato Tasso.
|f 1980.
|
| 999 |
|
|
|a MARS
|
| 999 |
f |
f |
|s af0a28f4-2634-3b77-95a3-a59fd066ed68
|i f26809c3-fef9-365c-98f3-e3d75b2fb2f3
|t 0
|
| 952 |
f |
f |
|p ric
|a Texas A&M University
|b Rellis Campus
|c Joint Library Facility
|d Remote Storage
|t 0
|e PT2671.A34 T3
|h Library of Congress classification
|i unmediated -- volume
|m A14804178797
|
| 998 |
f |
f |
|a PT2671.A34 T3
|t 0
|l Remote Storage
|